Estudios culturales y comunicación: análisis, producción y consumo cultural de las políticas de identidad y el posmodernismo
Guardat en:
| Autors principals: | , |
|---|---|
| Altres autors: | |
| Format: | Llibre |
| Idioma: | espanyol |
| Publicat: |
Barcelona
Paidós
1998
|
| Edició: | 1a. ed |
| Col·lecció: | Colección Paidós Comunicación, 90
|
| Matèries: | |
| Etiquetes: |
Afegir etiqueta
Sense etiquetes, Sigues el primer a etiquetar aquest registre!
|
MARC
| LEADER | 00000cam a2200000 a 4500 | ||
|---|---|---|---|
| 001 | UCP0102 | ||
| 003 | CL-VaPUC | ||
| 008 | 990128e19980000SP |||||||||||||||||spa|d | ||
| 020 | |a 8449305187 | ||
| 082 | 0 | 4 | |a 302.2 |b CUR |2 21 |
| 100 | 0 | |a Curran, James |e author |9 425093 | |
| 700 | |a Morley, David |e autor |9 353231 | ||
| 700 | 0 | |a Walkerdine, Valerie |e author |9 425095 | |
| 245 | 1 | 0 | |a Estudios culturales y comunicación: análisis, producción y consumo cultural de las políticas de identidad y el posmodernismo |
| 250 | |a 1a. ed | ||
| 300 | |a 548 p | ||
| 942 | |c BK | ||
| 945 | |d 19990128 00:00:00 |a aarredon | ||
| 260 | |a Barcelona |b Paidós |c 1998 | ||
| 650 | 0 | |a Comunicación |9 257251 | |
| 650 | 0 | |a Cultura |9 269059 | |
| 650 | 0 | |a Medios de comunicación de masas |9 257273 | |
| 650 | 0 | |a Estudios culturales |9 389320 | |
| 650 | 0 | |a Sociología |9 255410 | |
| 650 | 0 | |a Posmodernidad |9 325588 | |
| 650 | 0 | |a Censura |9 349860 | |
| 650 | 0 | |a Poder político |9 255509 | |
| 650 | 0 | |a Televisión |9 256845 | |
| 583 | |a last modification |c 20140319 04:25:13 |k Rodrigo Vera | ||
| 490 | 0 | |a Colección Paidós Comunicación, 90 | |
| 999 | |c 278988 |d 278986 | ||
| 952 | |0 0 |1 0 |4 0 |6 302_200000000000000_CUR_1998 |7 0 |8 A |9 317829 |a BIBCUR |b BIBCUR |d 2019-11-20 |i 3496783 |o 302.2 CUR 1998 |p 3496783 |r 2025-04-22 |w 2019-11-20 |y BK |k PER | ||
| 952 | |0 0 |1 0 |3 erb |4 0 |6 302_200000000000000_CUR_1998 |7 0 |8 A |9 317830 |a BIBCUR |b BIBCUR |i 5062888 |o 302.2 CUR 1998 |p 5062888 |r 2025-04-22 |w 2019-11-20 |y BK |z Catalogado en:20140324 |k PER | ||
| 952 | |0 0 |1 0 |3 erb |4 0 |6 302_200000000000000_CUR_1998 |7 0 |8 A |9 317831 |a BIBCUR |b BIBCUR |i 5062896 |o 302.2 CUR 1998 |p 5062896 |r 2025-04-22 |w 2019-11-20 |y BK |z Catalogado en:20140324 |k PER | ||